000 00684nam a22002177a 4500
005 20100806154617.0
010 _aENG-98717
020 _c425.00
035 _aEN-82249
037 _bDBAD/PUB
082 _a547
100 _aPillai, C. N.
_98108
245 _aText book of organic chemistry /
_cby C. N. Pillai
260 _aHyderabad
_bUniversities Press
_c2009
270 _a3-6-747/1/A & 3-6-754/1, Himayatnagar
_bHyderabad
_e500029
300 _avii, 632 p.
_c24 cm. (Pbk)
500 _aIncludes index
700 _97380
942 _2ddc
_cEN
_h547
_mPIL
999 _c39918
_d39918